Southville International School and Colleges
Your cart is empty.
  • Cart
  • Lists
    Public lists list_1 View all
    Your lists Log in to create your own lists
  • Log in to your account
  • Your cookies
  • Search history
Southville International School and Colleges
  • Advanced search
  • Recent comments
  • Most popular
  • Libraries

Log in to your account

Log in with GOOGLE


If you do not have an external account, but do have a local account, you can still log in:

  1. Home
  2. MARC view: The World's best tropical dive destinations /
Normal view MARC view ISBD view

The World's best tropical dive destinations / (Record no. 358001)

[ view plain ]
MARC details
000 -LEADER
fixed length control field 00512nam a2200193Ia 4500
008 - FIXED-LENGTH DATA ELEMENTS--GENERAL INFORMATION
fixed length control field 180620s9999 xx 000 0 und d
020 ## - INTERNATIONAL STANDARD BOOK NUMBER
International Standard Book Number 978-1-906780-23-4
050 ## - LIBRARY OF CONGRESS CALL NUMBER
Classification number REF G 156.5
050 ## - LIBRARY OF CONGRESS CALL NUMBER
Item number .S66W66 2012
100 ## - MAIN ENTRY--PERSONAL NAME
Personal name Wood, Lawson.
245 #4 - TITLE STATEMENT
Title The World's best tropical dive destinations /
245 #0 - TITLE STATEMENT
Statement of responsibility, etc Lawson Wood.
260 ## - PUBLICATION, DISTRIBUTION, ETC. (IMPRINT)
Place of publication, distribution, etc [s.l.] :
260 ## - PUBLICATION, DISTRIBUTION, ETC. (IMPRINT)
Name of publisher, distributor, etc John Beaufoy Publishing,
300 ## - PHYSICAL DESCRIPTION
Extent 208 pages :
300 ## - PHYSICAL DESCRIPTION
Other physical details colored illustrations ;
300 ## - PHYSICAL DESCRIPTION
Dimensions 27 cm.
500 ## - GENERAL NOTE
General note Includes index.
Holdings
Withdrawn status Lost status Damaged status Home library Current library Shelving location Date acquired Total Checkouts Full call number Barcode Date last seen Price effective from Koha item type
      South Mansfield College South Mansfield College   04/19/2013   REF G 156.5 .S66W66 2012 SMC05919 06/20/2018 06/20/2018  

The World's best tropical dive destinations /

APA

Wood L., .The World's best tropical dive destinations. [s.l.]: .

Chicago

Wood Lawson, .The World's best tropical dive destinations. [s.l.]: .

Harvard

Wood L., .The World's best tropical dive destinations. [s.l.]: .

MLA

Wood Lawson, .[s.l.]: . .

  • Place hold
  • Print
  • Cite
  • Add to your cart (remove)
  • Save record
    BIBTEX Dublin Core MARCXML MARC (non-Unicode/MARC-8) MARC (Unicode/UTF-8) MARC (Unicode/UTF-8, Standard) MODS (XML) RIS
  • More searches
    Search for this title in:
    Other Libraries (WorldCat) Other Databases (Google Scholar) Online Stores (Bookfinder.com) Open Library (openlibrary.org)

Exporting to Dublin Core...

SOUTHVILLE LIBRARY

Southville International School and Colleges Library

1281 Tropical Ave. Cor. Luxembourg St., BF Homes International, Las Pinas City

Tel. No. 8256374 / 252358 Loc. 117/146

Powered by Koha